| 000 | 00738nam a2200229Ia 4500 | ||
|---|---|---|---|
| 001 | 272 | ||
| 005 | 20251226112042.0 | ||
| 008 | 251203t2007||||xx |||||||||||||| ||spa|| | ||
| 020 | _a9789972976599 | ||
| 041 | _aESPIN | ||
| 082 |
_a333.911 _bB17 |
||
| 100 |
_aBalaguer, Alejandro, _cAUT |
||
| 245 | 0 |
_aAgua madre verdades e imágenes : _bAndes, Amazonía, Centro América, Antártida |
|
| 246 |
_aMother water truths and images : Andes, Amazon, Central América, Antártica _bYonz Martínez, Antonio |
||
| 250 | _aPrimera edición | ||
| 260 |
_aLima : _bGraph & Consult _c2007 |
||
| 300 |
_a251 páginas : _b ilustraciones ; _c 28 cm. |
||
| 650 | _aCIS | ||
| 653 | _aConservación del agua | ||
| 654 | _aCTP | ||
| 942 |
_cLIB _dJUS _fMIP _2ddc |
||
| 999 |
_c272 _d272 |
||